Normal view
MARC view
- ELECTRIC FILTERS ELECTRIC CIRCUTS LINEAR
Entry Topical Term
001 - CONTROL NUMBER
- control field: 57182
003 - CONTROL NUMBER IDENTIFIER
- control field: NUST
005 - DATE AND TIME OF LATEST TRANSACTION
- control field: 20210628201852.0
008 - FIXED-LENGTH DATA ELEMENTS
- fixed length control field: 210628|| aca||aabn | a|a d
040 ## - CATALOGING SOURCE
- Original cataloging agency: NUST
- Transcribing agency: NUST
150 ## - HEADING--TOPICAL TERM
- Topical term or geographic name entry element: ELECTRIC FILTERS ELECTRIC CIRCUTS LINEAR
670 ## - SOURCE DATA FOUND
- Source citation: Work cat.: (NUST): NATARAJAN, SUNDARAM 57181, THEORY AND DESIGN OF LINEAR ACTIVE NETWORKS, 1987
